| 000 | 01381cam a22003737a 4500 | ||
|---|---|---|---|
| 003 | CHAP | ||
| 005 | 20220329142840.0 | ||
| 008 | 040818d2004 mx r 00110 spa d | ||
| 010 | _a88673 | ||
| 011 | _a89645 | ||
| 035 | _a100196 | ||
| 040 | _cCHAP | ||
| 090 | _aTesis | ||
| 100 | 0 | 0 |
_aMartínez Acosta, Ramiro. _971770 |
| 245 | 1 | 0 |
_aMetodología para determinar deterioro e intensidad de aprovechamiento maderable en la cuenca hidrográfica Santiago Boyacora, Dgo. _c/por Ramiro Martínez Acosta |
| 260 |
_aChapingo, Méx. : _bEl autor, _c2004. |
||
| 300 |
_a98 h. : _bilus; cuadros; mapas. |
||
| 502 | _aTesis (Ing. Agr. Esp. en bosques) -- UACH. División de Ciencias Forestales. | ||
| 590 |
_aALEPH _b10 _c20130110 _lUCH01 _h1500 |
||
| 590 |
_aBATCH-UPD _b10 _c20130110 _lUCH01 _h0632 |
||
| 590 |
_aBATCH-UPD _b10 _c20130410 _lUCH01 _h0316 |
||
| 590 |
_aBATCH-UPD _b10 _c20130914 _lUCH01 _h0722 |
||
| 590 |
_aCONVERSION _b10 _c20130109 _lUCH01 _h1349 |
||
| 650 | 1 | 4 |
_aBosques _xDurango. _914128 |
| 650 | 1 | 4 |
_aBosques _xUtilización. _914405 |
| 650 | 1 | 4 |
_aMadera _xDeterioración. _969603 |
| 650 | 1 | 4 |
_aMadera _xPropiedades y usos. _969621 |
| 650 | 1 | 4 |
_aMadera _xRendimiento. _969626 |
| 901 | _aBK | ||
| 905 | _aElisama A. H. | ||
| 942 | _cFOLL | ||
| 949 |
_aTesis _bBC _cTES _d100196 _eTS1 _h42145 _i100196 _sb |
||
| 949 |
_aTesis _bBC _cTES _d33724000923199 _eTS2 _fc.2 _h42146 _i100196 _sb |
||
| 999 |
_c88673 _d88673 |
||